Délmagyarország. - 1975. május 27., Kedd

Elmentve itt :
Bibliográfiai részletek
Dokumentumtípus: Újság
Megjelent: 1975-05-27
Sorozat:Délmagyarország 65 No. 122
Online Access:http://dmarchiv.bibl.u-szeged.hu/19590
LEADER 00485nas a2200145 i 4500
001 delm19590
005 20200415080848.0
008 171215s1975 hu n o 0|| hun d
022 |a 0133-025X 
040 |a SZTE Délmagyarország Archívum  |b hun 
041 |a hun 
245 0 0 |a Délmagyarország. - 1975. május 27., Kedd  |h [elektronikus dokumentum] 
260 |c 1975-05-27 
490 0 |a Délmagyarország  |v 65 No. 122 
856 4 0 |u http://dmarchiv.bibl.u-szeged.hu/19590/1/dm_1975_122.pdf  |z Dokumentum-elérés